000 00532nam a2200181 i 4500
001 147713
003 ES-MaACL
005 20260612132716.0
007 t|
008 071005s1968 it ||||1| ita d
100 1 _aUscatescu, Jorge,
_d1919-1995
_9112293
245 1 0 _aGentile e Marx /
_cJorge Uscatescu.
260 _aRoma :
_b[s.n.,
_c1968] (
_fs.i.)
300 _a5 h. ;
_c21 cm.
500 _aEs tirada aparte de "Il problemi della pedagogia", no. 4, 1968.
852 _aES-MaACL
_j2066-F-23
_bR.71240
999 _c147713
_d147713